000 00615nam a2200217 i 4500
001 37208
003 ES-MaACL
005 20230906155526.0
007 t|
008 030220s1952 sp ||||1| spa d
100 1 _aBuck, Pearl S. (
_d1892-1973)
_932316
245 1 0 _aOrgullo de corazón /
_cPearl S. Buck ; [traducción de Enrique de Juan].
250 _a1ª ed.
260 _aBarcelona :
_bPlaneta,
_c[1952] (
_fFuentes)
300 _a429 p. ;
_c20 cm.
490 1 _aGoliat
700 1 _aJuan, Enrique de.
_967090
830 0 _aGoliat
_9181396
852 _aES-MaACL
_jD-5099
_bR.32117
999 _c37208
_d37208